000 01207cam a2200337 4500
008 090401t1994 xxu||||| |||| 00| 0 eng d
020 _a0854066462
035 _a(Sirsi) u60241
041 _aeng
050 _a333.33
090 _aRICS 1994/22ABCDEF
110 _aRoyal Institution of Chartered Surveyors
_94900
245 _aUnderstanding the property cycle: economic cycles and property cycles: the final report of research undertaken by Investment Property Databank and the University of Aberdeen on behalf of the Royal Institution of Chartered Surveyors.
260 _aLondon
_bRICS
_c1994
300 _avi,97,30p. ; 30cm.
350 _a45
520 _aCover title: Understanding the Property Cycle: Main Report: Economic Cycles and Property Cycles.
650 _aPROPERTY-COMMERCIAL PROPERTY
650 _aDEVELOPMENT CYCLES
650 _aECONOMIC CYCLES
650 _aPROPERTY BOOM
650 _aPROPERTY CYCLES
650 _aPROPERTY INVESTMENT
650 _aRENTAL CYCLES
650 _aYIELDS
690 _aPROPERTY-COMMERCIAL PROPERTY
710 _aInvestment Property Databank
_92288
710 _aUniversity of Aberdeen
_92596
942 _n0
948 _c04/03/1997
999 _c94215
_d94215